000 00662nam a2200229Ia 4500
003 OSt
005 20220918214422.0
006 a|||||r|||| 00| 0
007 ta
008 220917b |||||||| |||| 00| 0 eng d
024 _a137,403
037 _cTextual
040 _aARTS
_cARTS
_beng
041 _2eng
_aeng
082 _aY:351.2z7, L3
100 _aVidyarthi L P Ed
_941434
245 0 _aEssays in Indian Folkare
_b Papers present to the century festival of Rai Bahadur S C Roy
260 _aCalcutta
_bIndian
_c1973
300 _av, 199p.
_ccm.
942 _hY:351.2z7, L3
_cTEXL
_2CC
999 _c260484
_d260484